000
00290nam a22001337a 4500
008
180905b xxu||||| |||| 00| 0 eng d
020
_a
9780618220267
041
_a
eng
080
_2
4 ED
_a
510
100
_a
37
101
_a
MAT
245
_a
College Algebra
_c
Larson.h
942
_2
udc
_c
BK
999
_c
47548
_d
47548